Tous les clubs défiés par le PSG en coupe d'Europe et internationale - Statistiques

Statistiques générales
  • Ce quiz a été pris 41 fois
    5 depuis la dernière actualisation
  • Le résultat moyen est 44 sur 99
Statistiques - réponses
Année 1ère confrontation Nombres de matchs Bilan Clubs % Correct
1994-95 6 1v 2n 3d AC Milan
100%
1993-94 7 2v 3n 2d Arsenal
100%
2024-25 2 1v 1d Atlético Madrid
100%
1994-95 13 6v 4n 3d Barcelone
100%
1994-95 16 7v 9d Bayern Munich
100%
2024-25 2 2v Brest
100%
2010-11 8 2v 3n 3d Dortmund
100%
2024-25 1 1v Inter Milan
100%
2018-19 4 2v 2d Liverpool
100%
2008-09 8 2v 2n 4d Manchester City
100%
2018-19 4 2v 2d Manchester United
100%
2023-24 3 2n 1d Newcastle
100%
1992-93 13 5v 3n 5d Real Madrid
100%
2025-26 2 1v 1n AS Monaco
75%
2019-20 2 2v Atalanta
75%
2006-07 8 3v 3n 2d Benfica
75%
2004-05 11 5v 3n 3d Chelsea
75%
1983-84 10 2v 2n 6d Juventus
75%
2004-05 4 2v 1n 1d Porto
75%
2024-25 1 1n PSV
75%
2011-12 3 1v 2d RB Salzbourg
75%
2023-24 2 2v Real Sociedad
75%
2025 2 1v 1n Tottenham
75%
2014-15 2 1v 1n Ajax
50%
1992-93 6 3v 3n Anderlecht
50%
2024-25 2 1v 1d Aston Villa
50%
2016-17 2 2v Bâle
50%
1996-97 2 1v 1d Beşiktaş
50%
2002-03 2 1v 1d Boavista
50%
1995-96 4 2v 2d Deportivo La Corogne
50%
1994-95 6 4v 1n 1d Dynamo Kiev
50%
2018-19 2 2v Étoile Rouge Belgrade
50%
2000-01 4 3v 1d Galatasaray
50%
2024-25 1 1v Girona
50%
2013-14 3 3v Leverkusen
50%
1992-93 4 1v 3n Napoli
50%
2013-14 2 2v Olympiakos
50%
2006-07 1 1v Panathinaïkos
50%
2001-02 3 1v 2n Rapid Bucarest
50%
1995-96 3 2v 1n Rapid Vienne
50%
2019-20 5 3v 1n 1d RB Leipzig
50%
2010-11 2 2v Séville
50%
2025-26 1 1d Sporting Lisbonne
50%
2012-13 2 1v 1n Valence
50%
2008-09 2 2v Wolfsbourg
50%
2006-07 2 2v AEK Athènes
25%
1993-94 4 4v APOEL
25%
2011-12 3 1v 1n 1d Athletic Bilbao
25%
2010-11 2 2n BATE
25%
2025 1 1d Botafogo
25%
2008-09 2 1v 1n Braga
25%
2001-02 2 2n Brescia
25%
1995-96 4 4v Celtic
25%
2019-20 4 3v 1n Club Bruges
25%
2004-05 2 2d CSKA Moscou
25%
2006-07 2 1v 1n Derry City
25%
2011-12 2 2v Differdange
25%
2012-13 2 2v Dinamo Zagreb
25%
1994-95 2 2v Dunakanyar-Vác
25%
2006-07 1 1n FK Mladá Boleslav
25%
1996-97 2 2v Göteborg
25%
2006-07 1 1d Hapoël Tel-Aviv
25%
1984-85 2 1v 1n Heart of Midlothian
25%
2000-01 2 1v 1n Helsingborgs
25%
2025 1 1v Inter Miami
25%
2020-21 2 2v Istanbul Başakşehir
25%
2001-02 2 2v Jazz Pori
25%
2001-02 2 1v 1n KAA La Gantoise
25%
2010-11 2 1v 1n Karpaty Lviv
25%
2008-09 2 1v 1n Kayserispor
25%
1989-90 2 1v 1n Lahti
25%
1982-83 2 1v 1d Lokomotiv Sofia
25%
1998-99 6 3v 1n 2d Maccabi Haïfa
25%
2015-16 2 2v Malmö
25%
1995-96 2 2v Molde
25%
1992-93 2 2v PAOK
25%
1995-96 2 1v 1d Parme
25%
2008-09 1 1n Racing Santander
25%
2001-02 2 2n Rangers
25%
2000-01 2 1v 1d Rosenborg
25%
2008-09 1 1d Schalke
25%
2025 1 1v Seattle
25%
2011-12 2 1v 1n Slovan Bratislava
25%
1994-95 2 2v Spartak Moscou
25%
1996-97 2 1v 1d Steaua Bucarest
25%
2024-25 1 1v Stuttgart
25%
1982-83 2 2v Swansea
25%
2001-02 2 2v Tavria Simferopol
25%
2008-09 1 1v Twente
25%
2002-03 2 2v Újpest
25%
1984-85 2 2d Videoton
25%
1986-87 2 1n 1d Vítkovice
25%
1982-83 2 1v 1d Waterschei THOR Genk
25%
2015-16 2 2v Chakhtar
0%
2025 1 1n Flamengo
0%
1983-84 2 2v Glentoran
0%
2016-17 2 1v 1n Ludogorets
0%
2002-03 2 2v Progresul Bucarest
0%
1993-94 2 2v Universitatea Craiova
0%
Aucun quiz correspondant
Distribution des résultats
% des personnes avec chaque résultat
Percentile par nombre de réponses
Votre historique - résultats
Vous n’avez pas pris ce quiz depuis la dernière actualisation